MCU Characters with the most Movie/show appearences - Statistics

General Stats
  • This quiz has been taken 33 times
  • The average score is 9 of 12
Answer Stats
Hint Answer % Correct
8 Captain America
100%
10 Iron Man
100%
6 Hawkeye
93%
8 Hulk
93%
9 Thor
93%
8 Black Widow
90%
7 Spider-Man
83%
14 Nick Fury
80%
7 Wanda
53%
5 Thanos
50%
4 Vision
47%
5 Captain Marvel
30%
No matching quizzes found
Score Distribution
Percent of People with Each Score
Percentile by Number Answered
Your Score History
You have not taken this quiz